TLOU 1+2 all stages of infected - Statistics

General Stats
  • This quiz has been taken 274 times
  • The average score is 5 of 6
Answer Stats
Hint Answer % Correct
They use echolocation Clickers
91%
The King of all of them Rat King
89%
They stalk you Stalkers
87%
They are the weakest Runners
86%
They throw spores at you Bloaters
82%
They spread acid Shamblers
63%
No matching quizzes found
Score Distribution
Percent of People with Each Score
Percentile by Number Answered
Your Score History
You have not taken this quiz